000 00501pam a2200193 4500
001 1652
003 OCoLC
005 20181127163733.0
008 000320s2001 at a 001 0 eng
010 _a00036551
020 _a0324017456
100 1 _aArnold, Roger A.
245 1 0 _aEconomics /
_cRoger A. Arnold.
250 _a5th ed.
260 _aAustralia :
_bSouth-Western College Pub.,
_cc2001.
300 _axxxix, 864 p. :
_bcol. ill. ;
_c26 cm.
500 _aIncludes index.
650 0 _aEconomics.
999 _c1240
_d1240